[Event "IECG CP-2005-P-00061"]
[Site "IECG email"]
[Date "2005.10.01"]
[Round "?"]
[White "Kondal, Rao"]
[Black "Case, Rick"]
[Result "0-1"]
[WhiteElo "800"]
[BlackElo "1979"]
[PlyCount "26"]
[EventDate "2005.??.??"]
[EventType "tourn (corr)"]
[EventRounds "6"]
[SourceTitle "Corr 2024"]
[Source "ChessBase"]
[SourceDate "2023.10.19"]
[SourceVersion "1"]
[SourceVersionDate "2023.10.19"]
[SourceQuality "1"]

1. e4 Nf6 2. Nc3 d5 3. e5 Nfd7 4. d4 c5 5. Nf3 e6 6. Nb5 Qb6 7. c3 a6 8. Na3 Nc6 9. Nc2 f6 10. exf6 Nxf6 11. Bd3 Bd6 12. dxc5 Bxc5 13. Qe2 0-0 0-1

[Event "IECC CL7-2003.24 email"]
[Site "IECC email"]
[Date "2003.11.04"]
[Round "?"]
[White "Kondal, Rao"]
[Black "Bousquet, Christophe"]
[Result "0-1"]
[WhiteElo "1072"]
[BlackElo "1162"]
[PlyCount "68"]
[EventDate "2003.??.??"]
[EventType "tourn (corr)"]
[EventRounds "4"]
[SourceTitle "Corr 2008"]
[Source "ChessBase"]
[SourceDate "2008.06.24"]
[SourceVersion "1"]
[SourceVersionDate "2008.06.24"]
[SourceQuality "1"]

1. e4 c5 2. Nf3 Nc6 3. d4 d5 4. exd5 Qxd5 5. Nc3 Qd8 6. Bb5 a6 7. Bc4 cxd4 8. Ne4 Bf5 9. Nc5 Qa5+ 10. Bd2 Qxc5 11. Bb3 Bg6 12. 0-0 e5 13. a3 a5 14. c3 Nf6 15. Rc1 d3 16. Be3 Qd6 17. Re1 Be7 18. Ba2 0-0 19. Bd2 a4 20. Bc4 Bh5 21. Bg5 Bxf3 22. gxf3 Rad8 23. Bd2 Nd7 24. Re3 Nc5 25. b4 axb3 26. Bxb3 Bg5 27. f4 Bxf4 28. Rf3 Nxb3 29. Qxb3 Bxd2 30. Rd1 e4 31. Rg3 Bf4 32. Rg2 Na5 33. Qb2 Nc4 34. Qxb7 e3 0-1

[Event "IECG TG-2003-0-14968"]
[Site "IECG email"]
[Date "2003.08.12"]
[Round "2"]
[White "Nouveau, Laurent"]
[Black "Kondal, Rao"]
[Result "1-0"]
[WhiteElo "732"]
[BlackElo "800"]
[PlyCount "47"]
[EventDate "2003.08.12"]
[EventType "tourn (corr)"]
[EventRounds "6"]
[SourceTitle "Corr 2024"]
[Source "ChessBase"]
[SourceDate "2023.10.19"]
[SourceVersion "1"]
[SourceVersionDate "2023.10.19"]
[SourceQuality "1"]

1. d4 d5 2. c4 e6 3. Nc3 Nf6 4. Bg5 Be7 5. e3 Qd6 6. Nf3 Qb4 7. Qc2 Nc6 8. a3 Qa5 9. Be2 Nb4 10. Qc1 h6 11. axb4 Qxb4 12. Bxf6 Bxf6 13. 0-0 dxc4 14. Qc2 b5 15. Ne4 Be7 16. Ne5 Bb7 17. Bf3 f6 18. Nxf6+ gxf6 19. Qg6+ Kd8 20. Bxb7 Rb8 21. Nc6+ Kd7 22. Nxb4 Rxb7 23. Qe4 c6 24. Qxc6+ 1-0